کليا ت ہند ی گو ر کھپو ر ی (Record no. 165396)

MARC details
000 -LEADER
fixed length control field 00802nam a22001937a 4500
005 - DATE AND TIME OF LATEST TRANSACTION
control field 20190617122237.0
010 ## - LCCN (DPL NO)
LC control number UR-10206
020 ## - INTERNATIONAL STANDARD BOOK NUMBER
Terms of availability 200.00
International Standard Book Number 9789388105033
035 ## - SYSTEM CONTROL NUMBER
System control number U-8761
037 ## - SOURCE OF ACQUISITION
Source of stock number/acquisition DBAD/PUB
082 ## - DEWEY DECIMAL CLASSIFICATION NUMBER
Classification number 841.420
100 ## - MAIN ENTRY--PERSONAL NAME
Personal name ا نصا ر ی محمد و حيد ا للہ ہند ی گو ر کھپو ر ی
245 ## - TITLE STATEMENT
Title کليا ت ہند ی گو ر کھپو ر ی
Statement of responsibility, etc نصا ر ی محمد و حيد ا للہ ہند ی گو ر کھپو ر ی
246 ## - VARYING FORM OF TITLE
Remainder of title Kulliyat-e-Hindi(Urdu)
Title proper/short title Comp.and Ed. by Saleem Ahmed/Samina Adeeb Zia
260 ## - PUBLICATION, DISTRIBUTION, ETC. (IMPRINT)
Place of publication, distribution, etc Delhi
Name of publisher, distributor, etc Educational Publishing House
Date of publication, distribution, etc 2018 ء
270 ## - ADDRESS
Address 3191،Vakil Street,Kucha Pandit,Lal Kuan,
City Delhi
Postal code 110006
Telephone number 23216162
Fax number 00911123211540
300 ## - PHYSICAL DESCRIPTION
Extent 408 ص
Dimensions 22 Cm(Hb)
942 ## - ADDED ENTRY ELEMENTS (KOHA)
Source of classification or shelving scheme Dewey Decimal Classification
Item type Urdu Bks
Classification part 841.420
Call number suffix ا ن ص
Holdings
Withdrawn status Lost status Not for loan Collection code Home library Current library Date acquired Source of acquisition Cost, normal purchase price Full call number Barcode Copy number Cost, replacement price Koha item type
    Not For Loan Non-fiction D.B.Act.Division D.B.Act.Division 17/06/2019 DBAD/PUB 200.00 841.420 ا ن ص U-8761 1 200.00 Urdu Bks

© Delhi Public Library
Hit Counter
free hit counter